<?xml version="1.0" encoding="UTF-8"?>
<record
    xmlns:xsi="http://www.w3.org/2001/XMLSchema-instance"
    xsi:schemaLocation="http://www.loc.gov/MARC21/slim http://www.loc.gov/standards/marcxml/schema/MARC21slim.xsd"
    xmlns="http://www.loc.gov/MARC21/slim">

  <leader>01565nam a22002417a 4500</leader>
  <controlfield tag="005">20251208092311.0</controlfield>
  <controlfield tag="008">220909b           ||||| |||| 00| 0 eng d</controlfield>
  <datafield tag="020" ind1=" " ind2=" ">
    <subfield code="a">9788125040972</subfield>
  </datafield>
  <datafield tag="040" ind1=" " ind2=" ">
    <subfield code="c">AL</subfield>
  </datafield>
  <datafield tag="041" ind1=" " ind2=" ">
    <subfield code="a">eng</subfield>
  </datafield>
  <datafield tag="082" ind1=" " ind2=" ">
    <subfield code="2">23</subfield>
    <subfield code="a">820.302</subfield>
    <subfield code="b">TAGS</subfield>
  </datafield>
  <datafield tag="100" ind1=" " ind2=" ">
    <subfield code="a">Rabindranath Tagore</subfield>
    <subfield code="9">248170</subfield>
  </datafield>
  <datafield tag="245" ind1=" " ind2=" ">
    <subfield code="a">Selections from Galpaguchchha Vol 2</subfield>
    <subfield code="b">: Manihara and other stories</subfield>
  </datafield>
  <datafield tag="260" ind1=" " ind2=" ">
    <subfield code="a">Hyderabad</subfield>
    <subfield code="b">Orient Blackswan</subfield>
    <subfield code="c">2010</subfield>
  </datafield>
  <datafield tag="300" ind1=" " ind2=" ">
    <subfield code="a">viii,312p</subfield>
    <subfield code="b">PB</subfield>
    <subfield code="c">21x14cm</subfield>
  </datafield>
  <datafield tag="365" ind1=" " ind2=" ">
    <subfield code="2">English</subfield>
    <subfield code="a">3496</subfield>
    <subfield code="b">487.50</subfield>
    <subfield code="c">&#x20B9;</subfield>
    <subfield code="d">625.00</subfield>
    <subfield code="e">22%</subfield>
    <subfield code="f">09-08-2022</subfield>
  </datafield>
  <datafield tag="440" ind1=" " ind2=" ">
    <subfield code="v">Vol 2</subfield>
  </datafield>
  <datafield tag="520" ind1=" " ind2=" ">
    <subfield code="a">This three volume English translation by Ratan Kumar Chattopadhyay called Selections from Galpaguchchha is a collection of sixty-one of Tagores short stories broadly grouped under the themes of parting of ways, the relationship between men and women and the power within the woman, respectively. In Volume 2, we find the ever popular Ramkanais Folly, The Ghats Story, Woman Bereft of Jewels, Grandfather and The Matronly Boy, among other stories. The travails of a timid man of indomitable honesty who attains a tragic heroism are narrated in Ramkanais Folly, while the theme of The Ghats Story is the unstated, forbidden love of a young woman for a hermit who may or may not be her long-lost husband. The frisson in the haunting climax of the Woman Bereft of Jewels, a horrifying morality tale of egotism and greed, is justly famous.</subfield>
  </datafield>
  <datafield tag="650" ind1=" " ind2=" ">
    <subfield code="a">Indian English Fiction</subfield>
    <subfield code="9">56992</subfield>
  </datafield>
  <datafield tag="650" ind1=" " ind2=" ">
    <subfield code="a">Indian English Literature</subfield>
    <subfield code="9">56993</subfield>
  </datafield>
  <datafield tag="700" ind1=" " ind2=" ">
    <subfield code="a">Chattopadhyay Ratan K Tr</subfield>
    <subfield code="9">56995</subfield>
  </datafield>
  <datafield tag="942" ind1=" " ind2=" ">
    <subfield code="2">ddc</subfield>
    <subfield code="c">BK</subfield>
  </datafield>
  <datafield tag="999" ind1=" " ind2=" ">
    <subfield code="c">224555</subfield>
    <subfield code="d">224555</subfield>
  </datafield>
  <datafield tag="952" ind1=" " ind2=" ">
    <subfield code="0">0</subfield>
    <subfield code="1">0</subfield>
    <subfield code="2">ddc</subfield>
    <subfield code="4">0</subfield>
    <subfield code="7">0</subfield>
    <subfield code="8">ENG</subfield>
    <subfield code="a">AL</subfield>
    <subfield code="b">AL</subfield>
    <subfield code="d">2022-08-11</subfield>
    <subfield code="e">Biblios Book Point, Surathkal, Mangalore-575014</subfield>
    <subfield code="g">487.50</subfield>
    <subfield code="l">1</subfield>
    <subfield code="o">820.302 TAGS</subfield>
    <subfield code="p">075986</subfield>
    <subfield code="r">2022-11-19 00:00:00</subfield>
    <subfield code="s">2022-10-29</subfield>
    <subfield code="v">625.00</subfield>
    <subfield code="w">2022-09-09</subfield>
    <subfield code="y">BK</subfield>
  </datafield>
</record>
